Burnt offerings. (Record no. 5234)

MARC details
000 -LEADER
fixed length control field 00558pam a2200217 4500
001 - CONTROL NUMBER
control field 298350
003 - CONTROL NUMBER IDENTIFIER
control field GBCCL
005 - DATE AND TIME OF LATEST TRANSACTION
control field 20241126110536.0
008 - FIXED-LENGTH DATA ELEMENTS--GENERAL INFORMATION
fixed length control field 720919s1973 nyu 000 1 eng
010 ## -
-- 72008888
040 ## - CATALOGING SOURCE
Original cataloging agency DLC
Transcribing agency DLC
Modifying agency DLC
050 00 -
-- PZ4.M3122
-- Bu
-- PS3563.A63
082 00 - DEWEY DECIMAL CLASSIFICATION NUMBER
Classification number 813.54
Item number MAR
100 1# - MAIN ENTRY--PERSONAL NAME
Personal name Marasco, Robert.
9 (RLIN) 9442
245 10 - TITLE STATEMENT
Title Burnt offerings.
260 ## - PUBLICATION, DISTRIBUTION, ETC.
Place of publication, distribution, etc. New York,
Name of publisher, distributor, etc. Delacorte Press
Date of publication, distribution, etc. [1973]
300 ## - PHYSICAL DESCRIPTION
Extent 260 p.
Dimensions 21 cm.
350 ## - PRICE (NR) (BK AM CF MU VM SE) [OBSOLETE]
Price $6.95
906 ## - LOCAL DATA ELEMENT F, LDF (RLIN)
a 7
b cbc
c orignew
d 1
e ocip
f 19
g y-gencatlg
942 ## - ADDED ENTRY ELEMENTS (KOHA)
Source of classification or shelving scheme Dewey Decimal Classification
Koha item type Books
Holdings
Withdrawn status Lost status Source of classification or shelving scheme Damaged status Not for loan Home library Current Library Shelving location Date acquired Total checkouts Full call number Barcode Date last seen Copy number Price effective from Koha item type
    Dewey Decimal Classification     GRACE BIBLE COLLEGE GRACE BIBLE COLLEGE General Studies 2018-03-06   813.54 MAR 001798 2025-05-01 c.1 2018-03-06 Books
© Grace Bible College Library 2025